00378pab a2200121 454500008004000000100002200040245008900062260000900151300001400160362001200174650003600186773003400222180718b1987 xxu||||| |||| 00| 0 eng d aBanerjee, Sumanta aBogey of the BawdybChanging concept of `obsecenity' in 19th century Bengali Culture c1987 a1197-1206 a18 July aObscenity - India - West Bengal aEconomic and Political Weekly